000 nam a22 a 4500
999 _c121
_d121
003 AKMAL
005 20170419111406.0
008 170419s2000 my ao g ei a001 0 may|d
020 _a9836269908 (kkrs. : jil. 1) :
_cRM193.00
020 _a9836269916 (kkrs. : jil. 2) :
_cRM168.00
020 _a9836269924 (kkrs. : jil. 3) :
020 _a9836273336 (kkrs. : jil. 7) :
_cRM270.00
082 0 4 _a503
090 0 0 _a503
_bKEJ
245 0 0 _aEnsiklopedia sains dan teknologi
260 _aKuala Lumpur :
_bUniversiti Teknologi Malaysia,
_c2000
300 _a4 jil. :
_bil., wrn. ;
_c29cm.
500 _aMengandungi indeks
505 _gjil.1.
_tKejuruteraan kimia dan sumber asli.-
_gjil.2.
_tKejuruteraan mekanikal.-
_gjil.3.
_tPerubatan dan kesihatan.-
_gjil.7.
_tKejuruteraan elektrik.-
650 0 _aScience
_vEncyclopedias
_9302
650 0 _aTechnology
_vEncyclopedias
_9303
650 0 _aMedicine
_vEncyclopedias
_9304
650 0 _aMathematics
_vEncyclopedias
_9305
650 0 _aChemical engineering
_vEncyclopedias
_9306
650 0 _aNatural resources
_vEncyclopedias
_9307
650 0 _aMechanical engineering
_vEncyclopedias
_9308
710 2 _aUniversiti Teknologi Malaysia
_9309
710 1 _aMalaysia.
_bKementerian Pendidikan
_9310
942 _2ddc
_cBOOK
950 _lAKMAL